000 01234nam2a2200265 4500
001 rc\2973925
005 20260315061819.0
035 _a(NLR Aleph) 007119779
090 _a13608340
_c13608340
100 _a20080127d1934 u y0rusy50 ca
101 0 _arus
102 _aRU
105 _ay z |||||
200 0 _aВып. 3
_fДавыдов Н.Н., Саушкин М.М. , Шуваев К.В.
210 _d1934
215 _aОбл., 189, [2] с.
461 0 _1001rc\2973924
_12000#$aОсновы советского бухгалтерского учета$fПод ред. Осетрова К.В.$gЦУНХУ Госплана СССР. В/о Союзоргучет - Моск. обл. учеб. комбинат$vВып. 3
_96851053
_aМосковский учебный учетно-экономический комбинат
_cМосква
_d1934
_fПод ред. Осетрова К.В.
_nСоюзоргучет
_tОсновы советского бухгалтерского учета
_vВып. 3
701 1 _aДавыдов
_bН.Н.
701 1 _aСаушкин
_bМ.М.
701 1 _aШуваев
_bК.В.
801 0 _aRU
_bNLR
_gpsbo
801 1 _aRU
_bELAR
_2rusmarc
852 _aNLR
_j34-18/38(3)
942 _cUNSPEC
980 _aNB